Fr. Conceicao Rodrigues College of Engineering

Introducing System Design (Record no. 23986)

MARC details
000 -LEADER
fixed length control field 00292nam a2200133Ia 4500
100 ## - MAIN ENTRY--PERSONAL NAME
Personal name Skidmore/Steve/ Wroe/B
245 ## - TITLE STATEMENT
Title Introducing System Design
260 ## - PUBLICATION, DISTRIBUTION, ETC.
Name of publisher, distributor, etc. B P B Pub.
Place of publication, distribution, etc. NEW DELHI
Date of publication, distribution, etc. 1992
300 ## - PHYSICAL DESCRIPTION
Extent 308
546 ## - LANGUAGE NOTE
Language note ENGLISH
654 ## - SUBJECT ADDED ENTRY--FACETED TOPICAL TERMS
Focus term System Design
942 ## - ADDED ENTRY ELEMENTS (KOHA)
Koha item type BOOK
Holdings
Withdrawn status Lost status Damaged status Not for loan Collection Home library Current library Shelving location Date acquired Total Checkouts Full call number Barcode Date last seen Price effective from Koha item type
        AFT Fr. Agnel's C.Rodrigues College of Engineering Fr. Agnel's C.Rodrigues College of Engineering   17/03/2023   AFT6069 17/03/2023 17/03/2023 BOOK